[Event "Scarborough CC-ch"]
[Site "Toronto CAN"]
[Date "2025.06.05"]
[Round "8.18"]
[White "Moran-Venegas, Mario"]
[Black "Chen, Brady"]
[Result "0-1"]
[WhiteElo "1704"]
[BlackElo "1612"]
[WhiteFideId "-1"]
[WhiteFideId "-1"]
[PlyCount "96"]
[GameId "2226046759927488"]
[EventDate "2025.04.17"]
[EventType "swiss"]
[EventRounds "10"]
[EventCountry "CAN"]

1. Nf3 c5 2. d4 cxd4 3. Qxd4 Nc6 4. Qh4 g6 5. Nc3 Nf6 6. Bh6 d5 7. Bxf8 Rxf8 8. O-O-O Qa5 9. e3 a6 10. Nd4 Nxd4 11. Qxd4 Be6 12. f3 Rd8 13. Be2 Rd7 14. g4 Rg8 15. g5 Nh5 16. Qe5 Rd6 17. e4 f6 18. gxf6 Nxf6 19. Rhg1 Qd8 20. h4 d4 21. Nd5 Bxd5 22. exd5 Rxd5 23. Qf4 b5 24. Rge1 Kf7 25. Bd3 Re8 26. Re5 Qd6 27. Rde1 Rxe5 28. Rxe5 Rc8 29. Qg5 Nd7 30. Re1 Rc5 31. Qg1 Qf4+ 32. Kb1 Nf6 33. Qf2 Ng4 34. Qf1 Ne3 35. Qh3 Rh5 36. Qc8 Qxf3 37. Qxa6 Qf2 38. Rc1 Qxh4 39. Bxb5 g5 40. Qc6 g4 41. Qe8+ Kg7 42. Ba4 g3 43. Bb3 Rf5 44. Qg8+ Kf6 45. Qh8+ Kg6 46. Bg8 g2 47. Be6 Rf1 48. Qg8+ Kf6 0-1

[Event "Scarborough CC-ch"]
[Site "Toronto CAN"]
[Date "2025.06.05"]
[Round "8.19"]
[White "Issani, Nameer"]
[Black "Adulfo, Vincent Angel"]
[Result "1-0"]
[WhiteElo "1575"]
[BlackElo "1649"]
[WhiteFideId "-1"]
[WhiteFideId "-1"]
[PlyCount "95"]
[GameId "2226046759931585"]
[EventDate "2025.04.17"]
[EventType "swiss"]
[EventRounds "10"]
[EventCountry "CAN"]

1. e4 e6 2. d4 d5 3. exd5 exd5 4. Nf3 Nf6 5. Nc3 c6 6. Bg5 Bd6 7. Bd3 Bg4 8. h3 Bh5 9. Qe2+ Qe7 10. O-O-O Qxe2 11. Bxe2 Nbd7 12. Rhe1 O-O 13. Nh4 Bxe2 14. Rxe2 b5 15. Nf5 Bb4 16. Ne7+ Kh8 17. Nxc6 Bxc3 18. bxc3 Ne4 19. Bd2 Ndf6 20. f3 Nd6 21. Bg5 Rfe8 22. Rde1 a6 23. Bxf6 gxf6 24. Rxe8+ Rxe8 25. Rxe8+ Nxe8 26. Kd2 Kg7 27. Ke3 Nc7 28. Kf4 Ne8 29. Nb4 Nc7 30. Kf5 a5 31. Nc6 b4 32. cxb4 axb4 33. Nxb4 Nb5 34. Nxd5 Nxd4+ 35. Kf4 Nxc2 36. a4 Nd4 37. a5 Ne6+ 38. Kg4 Nc5 39. f4 Kg6 40. f5+ Kg7 41. h4 Na6 42. h5 h6 43. Nc3 Kf8 44. Nd5 Kg7 45. Kf4 Nc5 46. Nc7 Nd7 47. a6 Kf8 48. Nd5 1-0

[Event "Scarborough CC-ch"]
[Site "Toronto CAN"]
[Date "2025.06.05"]
[Round "8.20"]
[White "Kola, Venkata Saket Reddy"]
[Black "Pollitt, Henry"]
[Result "0-1"]
[WhiteElo "1658"]
[BlackElo "1960"]
[WhiteFideId "-1"]
[WhiteFideId "-1"]
[PlyCount "66"]
[GameId "2226046759931587"]
[EventDate "2025.04.17"]
[EventType "swiss"]
[EventRounds "10"]
[EventCountry "CAN"]

1. e4 e5 2. Nf3 Nc6 3. d4 exd4 4. Bc4 Nf6 5. e5 d5 6. Bb5 Ne4 7. Nxd4 Bd7 8. Bxc6 bxc6 9. O-O Bc5 10. c3 O-O 11. Nd2 Nxd2 12. Bxd2 Qe7 13. Re1 Rab8 14. Qc1 Bb6 15. Bg5 Qe8 16. Bf6 h6 17. Re3 Kh7 18. Qc2+ g6 19. Rae1 c5 20. Nb3 c4 21. Nd4 c5 22. Ne2 d4 23. cxd4 cxd4 24. Rg3 d3 25. Qxc4 dxe2 26. Qxe2 Ba5 27. Rd1 Bf5 28. Qe3 Rxb2 29. e6 Bb6 30. e7 Bxe3 31. exf8=N+ Qxf8 32. Bxb2 Bf4 33. Ra3 Qc5 0-1

[Event "Scarborough CC-ch"]
[Site "Toronto CAN"]
[Date "2025.06.12"]
[Round "9.1"]
[White "Yang, Larry"]
[Black "Wang, Nathan"]
[Result "0-1"]
[WhiteElo "2093"]
[BlackElo "2099"]
[WhiteFideId "-1"]
[WhiteFideId "-1"]
[PlyCount "76"]
[GameId "2226046759939787"]
[EventDate "2025.04.17"]
[EventType "swiss"]
[EventRounds "10"]
[EventCountry "CAN"]

1. e4 c5 2. Nf3 Nc6 3. Bb5 e5 4. O-O Bd6 5. c3 a6 6. Bxc6 dxc6 7. d4 exd4 8. cxd4 Bg4 9. dxc5 Bxc5 10. Qc2 Ba7 11. Ne5 Bh5 12. Nc4 Ne7 13. Be3 Bxe3 14. Nxe3 O-O 15. g4 Bg6 16. Nf5 Bxf5 17. gxf5 Nc8 18. Nc3 Qg5+ 19. Kh1 Qf4 20. Qe2 Nd6 21. Rg1 f6 22. Rg4 Qe5 23. Rag1 Rf7 24. f4 Qe7 25. Kg2 b5 26. Kf3 Re8 27. Re1 Qc7 28. Qf2 Rfe7 29. Qc5 Nc4 30. e5 fxe5 31. f6 Rf7 32. Ne4 exf4 33. Rxf4 Nd2+ 34. Nxd2 Rxe1 35. Qf2 Qxf4+ 36. Kxf4 Rxf6+ 37. Kg3 Rxf2 38. Kxf2 Rh1 0-1

[Event "Scarborough CC-ch"]
[Site "Toronto CAN"]
[Date "2025.06.12"]
[Round "9.2"]
[White "Mutyalapati, Modith Aaroh"]
[Black "Gao, Heye"]
[Result "0-1"]
[WhiteElo "2232"]
[BlackElo "2169"]
[WhiteFideId "-1"]
[WhiteFideId "-1"]
[PlyCount "90"]
[GameId "2226046759952085"]
[EventDate "2025.04.17"]
[EventType "swiss"]
[EventRounds "10"]
[EventCountry "CAN"]

1. e4 e5 2. Nf3 Nc6 3. Bb5 a6 4. Bxc6 dxc6 5. Nc3 f6 6. d3 Ne7 7. Be3 Ng6 8. Qd2 c5 9. Ne2 Bd7 10. Ng3 Qe7 11. O-O h5 12. Nf5 Qf7 13. b4 cxb4 14. d4 Rd8 15. c3 exd4 16. cxd4 Be7 17. Qc2 Bd6 18. e5 Bxf5 19. Qxf5 fxe5 20. Qe4 O-O 21. dxe5 Qe6 22. Qxb7 Nxe5 23. Ng5 Qf6 24. Qd5+ Nf7 25. Qc4 Rde8 26. Rad1 Rxe3 27. Nxf7 Rc3 28. Nxd6+ Rxc4 29. Nxc4 Qe6 30. Rc1 c5 31. Rc2 h4 32. h3 Rf5 33. Rfc1 Rg5 34. Kh1 Rh5 35. Kg1 Rg5 36. Kh1 Qe4 37. Ne3 a5 38. Rc4 Qe6 39. R1c2 Qg6 40. Rd2 Qf6 41. Rxh4 a4 42. Rc4 b3 43. Nd1 Rxg2 44. Rxc5 Rg6 45. Rd3 bxa2 0-1

[Event "Scarborough CC-ch"]
[Site "Toronto CAN"]
[Date "2025.06.12"]
[Round "9.3"]
[White "Kola, Venkata Saket Reddy"]
[Black "Chen, Larry"]
[Result "1/2-1/2"]
[WhiteElo "2228"]
[BlackElo "1958"]
[WhiteFideId "-1"]
[WhiteFideId "-1"]
[PlyCount "87"]
[GameId "2226046759952087"]
[EventDate "2025.04.17"]
[EventType "swiss"]
[EventRounds "10"]
[EventCountry "CAN"]

1. d4 Nf6 2. Bf4 e6 3. e3 b6 4. c3 Bb7 5. Nf3 Be7 6. h3 Ne4 7. Nbd2 f5 8. Bd3 d6 9. Qc2 Nxd2 10. Qxd2 Bf6 11. Qc2 Nd7 12. e4 e5 13. Be3 O-O 14. exf5 Bxf3 15. gxf3 exd4 16. cxd4 d5 17. Qc6 Qe7 18. Qxd5+ Kh8 19. O-O-O Rad8 20. Qb3 c5 21. Rhe1 Qd6 22. Qe6 Qb8 23. Bb5 cxd4 24. Bxd7 Qc7+ 25. Kb1 Qxd7 26. Bf4 Qb5 27. Bc1 Rde8 28. Qb3 Qxf5+ 29. Ka1 Rxe1 30. Rxe1 d3 31. f4 h6 32. Bd2 Qxh3 33. a3 Qf3 34. Be3 h5 35. Rd1 h4 36. Rg1 Qe2 37. Qb5 Rc8 38. f5 Qc2 39. Rc1 Qxc1+ 40. Bxc1 Rxc1+ 41. Ka2 d2 42. Qe8+ Kh7 43. Qh5+ Kg8 44. Qe8+ 1/2-1/2

[Event "Scarborough CC-ch"]
[Site "Toronto CAN"]
[Date "2025.06.12"]
[Round "9.4"]
[White "Varakunan, Cadiron"]
[Black "Deepak, Laksshana"]
[Result "0-1"]
[WhiteElo "1975"]
[BlackElo "2127"]
[WhiteFideId "-1"]
[WhiteFideId "-1"]
[PlyCount "76"]
[GameId "2226046759952088"]
[EventDate "2025.04.17"]
[EventType "swiss"]
[EventRounds "10"]
[EventCountry "CAN"]

1. e4 c6 2. d4 d5 3. e5 Bf5 4. h4 h5 5. Bd3 Bxd3 6. Qxd3 Qa5+ 7. Nd2 e6 8. Ngf3 Nh6 9. O-O Qa6 10. c4 dxc4 11. Nxc4 Nf5 12. Bg5 Be7 13. Bxe7 Kxe7 14. Qb3 Rd8 15. Ne3 Nh6 16. Ng5 Rxd4 17. Qc3 Qa4 18. Rfd1 Rxd1+ 19. Rxd1 Na6 20. Qd3 c5 21. Nc4 Nb4 22. Qd6+ Ke8 23. a3 Nd5 24. Rc1 b6 25. Nxe6 fxe6 26. Qxe6+ Ne7 27. Nd6+ Kf8 28. Rc4 Qd1+ 29. Kh2 Qd2 30. Rc3 Ng4+ 31. Kh3 Qf4 32. Rf3 Nxf2+ 33. Rxf2 Qxf2 34. g3 Rd8 35. b3 Qf1+ 36. Kh2 Qe2+ 37. Kg1 Qd1+ 38. Kg2 Qd5+ 0-1

[Event "Scarborough CC-ch"]
[Site "Toronto CAN"]
[Date "2025.06.12"]
[Round "9.5"]
[White "Yang, Lucy"]
[Black "Blakely, Matt"]
[Result "0-1"]
[WhiteElo "1674"]
[BlackElo "2079"]
[WhiteFideId "-1"]
[WhiteFideId "-1"]
[PlyCount "84"]
[GameId "2226046759956185"]
[EventDate "2025.04.17"]
[EventType "swiss"]
[EventRounds "10"]
[EventCountry "CAN"]

1. e4 c5 2. Nf3 d6 3. Bb5+ Nd7 4. O-O Ngf6 5. Re1 e5 6. c3 a6 7. Ba4 Be7 8. d4 Qc7 9. Nbd2 O-O 10. Nf1 b5 11. Bc2 Re8 12. Ng3 g6 13. h3 Rb8 14. Be3 b4 15. dxe5 Nxe5 16. Nxe5 dxe5 17. c4 Be6 18. Qe2 Nd7 19. Rad1 Rb7 20. Rd2 Nb8 21. Ba4 Bd7 22. Bxd7 Nxd7 23. Red1 Nf8 24. Qg4 Kh8 25. Qf3 Kg8 26. Qg4 Ne6 27. Nf5 Nd4 28. Nxe7+ Qxe7 29. Bxd4 exd4 30. f3 b3 31. a3 h5 32. Qg3 Qe6 33. Rc1 Kh7 34. Kf1 a5 35. Qf2 f5 36. Re2 Rbe7 37. Qe1 Qf7 38. e5 f4 39. g4 fxg3 40. Qxg3 Qf5 41. Rce1 Qd3 42. Rc1 Rxe5 0-1

[Event "Scarborough CC-ch"]
[Site "Toronto CAN"]
[Date "2025.06.12"]
[Round "9.6"]
[White "Pan, Julian"]
[Black "Katz, Lyam"]
[Result "1-0"]
[WhiteElo "1870"]
[BlackElo "1826"]
[WhiteFideId "-1"]
[WhiteFideId "-1"]
[PlyCount "123"]
[GameId "2226046759956186"]
[EventDate "2025.04.17"]
[EventType "swiss"]
[EventRounds "10"]
[EventCountry "CAN"]

1. e4 e5 2. Nf3 Nc6 3. Bb5 a6 4. Ba4 Nf6 5. O-O Be7 6. d3 b5 7. Bb3 d6 8. h3 Na5 9. Bd2 Nxb3 10. axb3 O-O 11. Nc3 Bb7 12. Ne2 Re8 13. c4 c5 14. Nh2 Nd7 15. f4 exf4 16. Bxf4 Nf8 17. Ng3 Ne6 18. Be3 Bg5 19. Bxg5 Qxg5 20. Nf5 Rad8 21. Qf3 Rd7 22. Nxd6 Nd4 23. Qf2 Rf8 24. Nxb7 Rxb7 25. Nf3 Nxf3+ 26. Qxf3 Rb6 27. cxb5 Rf6 28. Qe2 axb5 29. Rxf6 Qxf6 30. Qf2 Qd6 31. Rd1 Re8 32. Qe3 f5 33. Rc1 fxe4 34. dxe4 Qd4 35. Qxd4 cxd4 36. Re1 d3 37. Kf2 d2 38. Rd1 Rxe4 39. Rxd2 Re5 40. Kf3 Kf7 41. Rd7+ Kf6 42. b4 h5 43. Rd6+ Kf7 44. g4 hxg4+ 45. hxg4 Re1 46. Rd5 Rb1 47. Rxb5 Rxb2 48. Rb6 Rb1 49. g5 g6 50. Ke4 Re1+ 51. Kd5 Rd1+ 52. Kc6 Rc1+ 53. Kb7 Rg1 54. Rb5 Rg4 55. Ka6 Rg1 56. Rc5 Ra1+ 57. Kb7 Rb1 58. b5 Ke6 59. b6 Rb2 60. Kc7 Rd2 61. b7 Rd7+ 62. Kc8 1-0

[Event "Scarborough CC-ch"]
[Site "Toronto CAN"]
[Date "2025.06.12"]
[Round "9.7"]
[White "Mendoza, Armand Jess"]
[Black "Hong, Zihan"]
[Result "0-1"]
[WhiteElo "1854"]
[BlackElo "1999"]
[WhiteFideId "-1"]
[WhiteFideId "-1"]
[PlyCount "128"]
[GameId "2226046759956187"]
[EventDate "2025.04.17"]
[EventType "swiss"]
[EventRounds "10"]
[EventCountry "CAN"]

1. d4 d5 2. Nf3 Nf6 3. e3 e6 4. Bd3 c5 5. b3 b6 6. Bb2 Ba6 7. c4 cxd4 8. exd4 Be7 9. O-O O-O 10. Nbd2 Nbd7 11. Ne5 Rc8 12. f4 Bb7 13. Qe2 g6 14. Rae1 Re8 15. a3 Nf8 16. Qe3 N6d7 17. Qh3 f5 18. b4 dxc4 19. Ndxc4 a6 20. Re2 Nxe5 21. Nxe5 Qd5 22. Rfe1 Bf6 23. Bc2 Bxe5 24. Bb3 Qd6 25. Rxe5 Be4 26. d5 exd5 27. Rxe8 Rxe8 28. Qc3 Re7 29. Qh8+ Kf7 30. Rc1 Qe6 31. Bg7 Nd7 32. Qxh7 Nf6 33. Bxf6+ Kxf6 34. Qh8+ Kf7 35. Rc8 Re8 36. Rc7+ Re7 37. Qh7+ Kf6 38. Qh8+ Kf7 39. Qh7+ Kf6 40. Qh4+ Kf7 41. Rxe7+ Qxe7 42. Qf2 Qc7 43. Qd4 Qc1+ 44. Qd1 Qe3+ 45. Kh1 Kf6 46. Qg1 Qxb3 47. Qxb6+ Kg7 48. Qd4+ Kh7 49. Kg1 Qc2 50. Qa7+ Kh6 51. Qf2 Qd1+ 52. Qf1 Qxf1+ 53. Kxf1 Kg7 54. g3 Kf6 55. Kf2 Ke6 56. Ke3 Kd6 57. Kd4 Kc6 58. a4 Bf3 59. h3 Bg2 60. h4 Bf3 61. Ke5 Kb6 62. Kd4 a5 63. b5 Be4 64. Ke5 Kc5 0-1

[Event "Scarborough CC-ch"]
[Site "Toronto CAN"]
[Date "2025.06.12"]
[Round "9.8"]
[White "Chamberland, Luc"]
[Black "Chung, Noah"]
[Result "1-0"]
[WhiteElo "1676"]
[BlackElo "1870"]
[WhiteFideId "-1"]
[WhiteFideId "-1"]
[PlyCount "95"]
[GameId "2226046759956188"]
[EventDate "2025.04.17"]
[EventType "swiss"]
[EventRounds "10"]
[EventCountry "CAN"]

1. e4 e5 2. Bc4 Nc6 3. Nc3 Nf6 4. d3 Bc5 5. a3 d6 6. Na4 Bb6 7. Nxb6 axb6 8. Bg5 h6 9. Bh4 Be6 10. Bxe6 fxe6 11. Ne2 O-O 12. O-O Qe8 13. Qd2 Qh5 14. Bg3 Rf7 15. f4 Raf8 16. fxe5 dxe5 17. h3 Nh7 18. Bh2 Ng5 19. Rxf7 Qxf7 20. Qe3 Qf6 21. c3 Ne7 22. Ng3 Ng6 23. Ne2 Nh4 24. Bg3 Ng6 25. d4 c6 26. Rd1 Nf4 27. dxe5 Nxe2+ 28. Qxe2 Qg6 29. Kh2 Nxe4 30. Qe3 h5 31. Rd4 Nxg3 32. Qxg3 Qxg3+ 33. Kxg3 Rf5 34. Re4 g5 35. Re2 Kf7 36. h4 g4 37. c4 Ke7 38. b3 Kd7 39. b4 b5 40. c5 Kc7 41. Re4 b6 42. Rf4 bxc5 43. Rxf5 exf5 44. bxc5 Kd7 45. Kf4 Ke6 46. g3 Kd5 47. Kxf5 Kxc5 48. Kf6 1-0

[Event "Scarborough CC-ch"]
[Site "Toronto CAN"]
[Date "2025.06.12"]
[Round "9.9"]
[White "Nazareno, Merlin"]
[Black "Vetrivel, Jai Hanuj"]
[Result "0-1"]
[WhiteElo "1985"]
[BlackElo "1665"]
[WhiteFideId "-1"]
[WhiteFideId "-1"]
[PlyCount "72"]
[GameId "2226046759960285"]
[EventDate "2025.04.17"]
[EventType "swiss"]
[EventRounds "10"]
[EventCountry "CAN"]

1. d4 d5 2. e4 dxe4 3. Nc3 Nf6 4. Bg5 Bf5 5. Qe2 Nc6 6. O-O-O e6 7. Bxf6 Qxf6 8. Nxe4 Qh6+ 9. Kb1 O-O-O 10. c3 Ne7 11. Ka1 Nd5 12. g3 Qg6 13. f3 h5 14. Re1 Nf6 15. Nf2 Bd6 16. Qc4 Rhe8 17. Nd1 e5 18. d5 e4 19. f4 e3 20. Nf3 Be4 21. Nh4 Qh7 22. Bg2 Bd3 23. Qd4 e2 24. Nf2 Ba6 25. Qxa7 Ng4 26. Nxg4 hxg4 27. h3 Bxf4 28. gxf4 Qxh4 29. hxg4 Qg3 30. Rhg1 Qxg4 31. d6 Rxd6 32. Rb1 Rd1 33. Bh3 Rxb1+ 34. Rxb1 Qxh3 35. Qa8+ Kd7 36. Qa7 e1=Q 0-1

[Event "Scarborough CC-ch"]
[Site "Toronto CAN"]
[Date "2025.06.12"]
[Round "9.10"]
[White "Bi, William"]
[Black "Gummadi, Bhargav Ram"]
[Result "1-0"]
[WhiteElo "1892"]
[BlackElo "1752"]
[WhiteFideId "-1"]
[WhiteFideId "-1"]
[PlyCount "77"]
[GameId "2226046759939788"]
[EventDate "2025.04.17"]
[EventType "swiss"]
[EventRounds "10"]
[EventCountry "CAN"]

1. e4 e5 2. Nf3 Nc6 3. Bc4 Nf6 4. d3 h6 5. c3 Bc5 6. Nbd2 O-O 7. a4 a5 8. O-O d6 9. Re1 Re8 10. Qb3 Qe7 11. Nf1 Rb8 12. Be3 Bxe3 13. Nxe3 Nd8 14. Nd5 Nxd5 15. Bxd5 Be6 16. d4 Bg4 17. Qd1 Ne6 18. Bxe6 Qxe6 19. h3 Bh5 20. Qd3 Bxf3 21. Qxf3 exd4 22. cxd4 Qd7 23. b3 Re6 24. Qc3 b6 25. Re3 Rg6 26. f4 d5 27. e5 Rd8 28. Qd3 f5 29. Kh2 Qe6 30. Rc1 Rd7 31. g4 Rf7 32. gxf5 Rxf5 33. Rf3 Qf7 34. Rxc7 Qxc7 35. Qxf5 Rc6 36. Rf2 Qe7 37. Rg2 Rc3 38. Qg6 Kh8 39. f5 1-0

[Event "Scarborough CC-ch"]
[Site "Toronto CAN"]
[Date "2025.06.12"]
[Round "9.11"]
[White "Zhao, Shannon"]
[Black "Jeyakumar, Yathushan"]
[Result "1-0"]
[WhiteElo "1649"]
[BlackElo "1762"]
[WhiteFideId "-1"]
[WhiteFideId "-1"]
[PlyCount "73"]
[GameId "2226046759943885"]
[EventDate "2025.04.17"]
[EventType "swiss"]
[EventRounds "10"]
[EventCountry "CAN"]

1. e4 c5 2. Nc3 e6 3. g3 Nc6 4. Bg2 Nf6 5. Nge2 d5 6. exd5 Nxd5 7. Nxd5 exd5 8. d4 Be6 9. O-O Be7 10. Be3 c4 11. Nf4 O-O 12. Qh5 g6 13. Qf3 Nb4 14. Rfc1 Qd7 15. h3 Bf5 16. Qd1 g5 17. Ne2 Bxh3 18. a3 Bxg2 19. Kxg2 Nc6 20. Nc3 Qf5 21. Qh5 Rad8 22. Rh1 Bf6 23. Rad1 Qg6 24. Qf3 Ne7 25. Rh2 Bg7 26. Rdh1 h6 27. Re1 Nf5 28. Nxd5 Nh4+ 29. gxh4 gxh4+ 30. Kh1 Rfe8 31. Rg1 Qe6 32. Nf6+ Kf8 33. Nxe8 Rxe8 34. Rhg2 Bf6 35. Rg8+ Ke7 36. Qxb7+ Kd6 37. Bf4+ 1-0

[Event "Scarborough CC-ch"]
[Site "Toronto CAN"]
[Date "2025.06.12"]
[Round "9.12"]
[White "Chen, Timmy"]
[Black "Yamasaki, Dawson"]
[Result "1-0"]
[WhiteElo "1755"]
[BlackElo "1657"]
[WhiteFideId "-1"]
[WhiteFideId "-1"]
[PlyCount "51"]
[GameId "2226046759943886"]
[EventDate "2025.04.17"]
[EventType "swiss"]
[EventRounds "10"]
[EventCountry "CAN"]

1. e4 c5 2. Nf3 e6 3. c3 d5 4. exd5 Qxd5 5. d4 g6 6. g3 Bg7 7. dxc5 Qxc5 8. Be3 Qc7 9. Nbd2 Nf6 10. Bf4 Qb6 11. Nc4 Qc6 12. Nd6+ Ke7 13. Nxf7 Qe4+ 14. Be2 Nd5 15. Nd6 Qxf4 16. gxf4 Nc6 17. Ne4 Rf8 18. Bc4 Nxf4 19. Qd6+ Ke8 20. O-O-O e5 21. Qc7 Ne2+ 22. Bxe2 Bh6+ 23. Kb1 Bf5 24. Bd3 Rf6 25. Nxf6+ Kf8 26. Bxf5 1-0

[Event "Scarborough CC-ch"]
[Site "Toronto CAN"]
[Date "2025.06.12"]
[Round "9.13"]
[White "Sekaran, Adithya"]
[Black "Dixon, Javier"]
[Result "1-0"]
[WhiteElo "1684"]
[BlackElo "1640"]
[WhiteFideId "-1"]
[WhiteFideId "-1"]
[PlyCount "73"]
[GameId "2226046759943887"]
[EventDate "2025.04.17"]
[EventType "swiss"]
[EventRounds "10"]
[EventCountry "CAN"]

1. d4 g6 2. c4 Bg7 3. Nc3 c5 4. d5 d6 5. e4 Nf6 6. Bd3 O-O 7. Nge2 Nbd7 8. f4 e6 9. O-O exd5 10. exd5 Ng4 11. h3 Nh6 12. Qc2 Nf6 13. Ng3 Bd7 14. f5 gxf5 15. Nxf5 Nxf5 16. Bxf5 Bxf5 17. Qxf5 Qd7 18. Qg5 Qd8 19. Qh4 Nd7 20. Qg3 Ne5 21. Bh6 Ng6 22. Bxg7 Kxg7 23. Ne4 Qe7 24. Nxd6 Kh8 25. Nf5 Qe5 26. Qxe5+ Nxe5 27. b3 b6 28. Rae1 f6 29. Ng3 Kg7 30. Nh5+ Kg6 31. Nf4+ Kf7 32. Ne6 Rg8 33. Rxe5 Ke7 34. Ref5 Rg6 35. Nf4 Rh6 36. Re1+ Kf7 37. d6 1-0

[Event "Scarborough CC-ch"]
[Site "Toronto CAN"]
[Date "2025.06.12"]
[Round "9.14"]
[White "Ma, Quentin"]
[Black "Mesiti, Silvano"]
[Result "1-0"]
[WhiteElo "1654"]
[BlackElo "1563"]
[WhiteFideId "-1"]
[WhiteFideId "-1"]
[PlyCount "49"]
[GameId "2226046759943888"]
[EventDate "2025.04.17"]
[EventType "swiss"]
[EventRounds "10"]
[EventCountry "CAN"]

1. e4 e5 2. Nf3 d6 3. d4 exd4 4. Nxd4 Bd7 5. Nc3 Nf6 6. Bg5 Be7 7. Bc4 Nc6 8. Nf5 Bxf5 9. exf5 Ne5 10. Bb3 c6 11. O-O Qd7 12. f4 Qxf5 13. fxe5 Qxe5 14. Qd2 d5 15. Rae1 Ne4 16. Nxe4 dxe4 17. Bxf7+ Kf8 18. Bc4+ Ke8 19. Bxe7 Qxe7 20. Qd4 Rd8 21. Qxe4 Qxe4 22. Rxe4+ Kd7 23. Rf7+ Kd6 24. b4 c5 25. Re6# 1-0

[Event "Scarborough CC-ch"]
[Site "Toronto CAN"]
[Date "2025.06.12"]
[Round "9.15"]
[White "Pollitt, Henry"]
[Black "Gebhardt, David"]
[Result "1-0"]
[WhiteElo "1960"]
[BlackElo "1606"]
[WhiteFideId "-1"]
[WhiteFideId "-1"]
[PlyCount "81"]
[GameId "2226046759947985"]
[EventDate "2025.04.17"]
[EventType "swiss"]
[EventRounds "10"]
[EventCountry "CAN"]

1. e4 c6 2. Nc3 d5 3. Nf3 Bg4 4. Be2 e6 5. h3 Bh5 6. d4 dxe4 7. Nxe4 Nf6 8. Ng3 Bg6 9. Ne5 Nbd7 10. Nxg6 hxg6 11. Bf3 Bd6 12. Ne4 Nxe4 13. Bxe4 Qb6 14. c3 Nf6 15. Bf3 O-O-O 16. Qb3 Bc7 17. Be3 Nd5 18. O-O-O Qxb3 19. axb3 Bb6 20. Rhe1 Nxe3 21. fxe3 Rd7 22. Kc2 Kc7 23. b4 Re8 24. c4 a6 25. c5 Ba7 26. e4 Rde7 27. Kc3 f5 28. Kc4 Bb8 29. Re2 Kc8 30. Red2 Bf4 31. Rd3 Kc7 32. d5 exd5+ 33. exd5 cxd5+ 34. Rxd5 Bg3 35. b5 axb5+ 36. Kxb5 Ra8 37. b4 Bf4 38. Rd6 g5 39. Rb6 Rb8 40. Rd5 Be5 41. Rd3 1-0

[Event "Scarborough CC-ch"]
[Site "Toronto CAN"]
[Date "2025.06.12"]
[Round "9.16"]
[White "Chen, Brady"]
[Black "Balakrishnan, Shankar"]
[Result "0-1"]
[WhiteElo "1612"]
[BlackElo "1748"]
[WhiteFideId "-1"]
[WhiteFideId "-1"]
[PlyCount "50"]
[GameId "2226046759947986"]
[EventDate "2025.04.17"]
[EventType "swiss"]
[EventRounds "10"]
[EventCountry "CAN"]

1. e4 d6 2. d4 Nf6 3. Nc3 g6 4. h3 Bg7 5. Be3 c6 6. Nf3 b5 7. b4 Bb7 8. Rb1 a6 9. Bd3 Nbd7 10. O-O O-O 11. Qd2 Qc7 12. Bh6 Rfc8 13. Bxg7 Kxg7 14. Ne2 c5 15. bxc5 dxc5 16. e5 c4 17. Nf4 cxd3 18. exf6+ Nxf6 19. Ne1 dxc2 20. Rc1 Qd6 21. Nxc2 Ne4 22. Qe3 Rc3 23. Qe1 Qxf4 24. f3 Ng3 25. Rf2 Rac8 0-1

[Event "Scarborough CC-ch"]
[Site "Toronto CAN"]
[Date "2025.06.12"]
[Round "9.17"]
[White "Guan, Isabelle"]
[Black "Issani, Nameer"]
[Result "1/2-1/2"]
[WhiteElo "1618"]
[BlackElo "1575"]
[WhiteFideId "-1"]
[WhiteFideId "-1"]
[PlyCount "71"]
[GameId "2226046759947987"]
[EventDate "2025.04.17"]
[EventType "swiss"]
[EventRounds "10"]
[EventCountry "CAN"]

1. e4 e5 2. Nf3 Nc6 3. Bc4 Bc5 4. d3 h6 5. Nc3 Nf6 6. Be3 Bb6 7. Qd2 d6 8. h3 Be6 9. Bb5 Qd7 10. d4 a6 11. Ba4 exd4 12. Nxd4 Ba5 13. f3 b5 14. Bb3 Ne5 15. Bxe6 fxe6 16. Nb3 Nc4 17. Qe2 Bxc3+ 18. bxc3 e5 19. Nd2 Nxe3 20. Qxe3 Qe6 21. O-O Nh5 22. Kh2 Qg6 23. Qf2 O-O 24. Rg1 Qg5 25. h4 Qf4+ 26. g3 Qf6 27. Qe2 Qg6 28. Nf1 Rf7 29. Ne3 Qf6 30. Raf1 Raf8 31. Nf5 Kh7 32. Qd2 Qe6 33. a3 Rf6 34. Qe2 Qf7 35. Qd2 Rg6 36. Qe2 1/2-1/2

[Event "Scarborough CC-ch"]
[Site "Toronto CAN"]
[Date "2025.06.12"]
[Round "9.18"]
[White "Ugodnikov, Arkadiy"]
[Black "Lim, Carl"]
[Result "1/2-1/2"]
[WhiteElo "1753"]
[BlackElo "1611"]
[WhiteFideId "-1"]
[WhiteFideId "-1"]
[PlyCount "96"]
[GameId "2226046759947988"]
[EventDate "2025.04.17"]
[EventType "swiss"]
[EventRounds "10"]
[EventCountry "CAN"]

1. e4 d6 2. d4 Nf6 3. Nc3 Nbd7 4. Nf3 e5 5. Bc4 h6 6. Qe2 c6 7. a4 a5 8. h3 Be7 9. Be3 Qc7 10. Bb3 O-O 11. O-O Re8 12. dxe5 dxe5 13. Nd2 Nc5 14. Bxf7+ Kxf7 15. Bxc5 Bxc5 16. Qc4+ Be6 17. Qxc5 b6 18. Qe3 Rad8 19. Rad1 Rd7 20. Nf3 Red8 21. Rxd7+ Rxd7 22. Rd1 Rxd1+ 23. Nxd1 b5 24. Nc3 b4 25. Ne2 c5 26. Ng3 c4 27. Nd2 Bd7 28. b3 cxb3 29. cxb3 Qc1+ 30. Kh2 Qc7 31. Nf5 Qc3 32. Nd6+ Ke6 33. N6c4 Qxe3 34. fxe3 Bc6 35. Nxa5 Ba8 36. Nac4 Nxe4 37. Kg1 Nxd2 38. Nxd2 Kd5 39. Kf2 Bb7 40. g3 e4 41. g4 Ba6 42. Kg3 g5 43. Kf2 Bd3 44. Ke1 Bc2 45. Kf2 Kc5 46. Ke1 Kd5 47. Kf2 Kc5 48. Ke1 Kd5 1/2-1/2

[Event "Scarborough CC-ch"]
[Site "Toronto CAN"]
[Date "2025.06.12"]
[Round "9.20"]
[White "Adulfo, Vincent Angel"]
[Black "Moran-Venegas, Mario"]
[Result "0-1"]
[WhiteElo "1649"]
[BlackElo "1704"]
[WhiteFideId "-1"]
[WhiteFideId "-1"]
[PlyCount "144"]
[GameId "2226046759952086"]
[EventDate "2025.04.17"]
[EventType "swiss"]
[EventRounds "10"]
[EventCountry "CAN"]

1. d4 Nf6 2. Nf3 e6 3. e3 c5 4. a3 d5 5. b3 Nc6 6. Bb2 Be7 7. Bd3 cxd4 8. exd4 O-O 9. Nbd2 b6 10. O-O Bb7 11. Re1 Rc8 12. Ne5 Rc7 13. f4 Qc8 14. Ndf3 Ba6 15. Rc1 Bxd3 16. cxd3 Na5 17. b4 Rxc1 18. Qxc1 Nb7 19. Qc6 Qxc6 20. Nxc6 Bd6 21. Nfe5 Ra8 22. g4 Bxe5 23. Nxe5 Rc8 24. Rc1 Rxc1+ 25. Bxc1 Kf8 26. Bd2 a6 27. g5 Ne8 28. Nd7+ Ke7 29. Nxb6 Nbd6 30. Bc3 Nb5 31. Bb2 Ned6 32. a4 Na7 33. Kf2 Nc6 34. Ba3 Na7 35. Ke2 Nf5 36. b5+ Kd8 37. bxa6 Nxd4+ 38. Kd2 Kc7 39. Bb2 Nb3+ 40. Kc3 Nc5 41. a5 Nxa6 42. Kb3 Nc5+ 43. Kc2 g6 44. Be5+ Kc6 45. d4 Nb7 46. Na4 Nxa5 47. Nb2 Nb5 48. Kd3 Kd7 49. Na4 Nc6 50. Nc5+ Ke8 51. Bf6 Nb4+ 52. Ke3 Nc2+ 53. Kd3 Ne1+ 54. Ke2 Ng2 55. Kf3 Nh4+ 56. Ke3 Nd6 57. Be5 Nc4+ 58. Kf2 Nxe5 59. dxe5 Nf5 60. Ke2 h5 61. gxh6 Nxh6 62. Kf3 Nf5 63. Nd3 Ng7 64. Kg4 Nh5 65. Kg5 Kf8 66. Kg4 Kg7 67. Kf3 Kh6 68. h4 Ng7 69. Nf2 Nf5 70. Kg4 d4 71. Ne4 d3 72. Nd2 Nd4 0-1